Aadhar chayan: (Record no. 139854)

000 -LEADER
fixed length control field 00414 a2200157 4500
020 ## - INTERNATIONAL STANDARD BOOK NUMBER
International Standard Book Number 9788176755115
082 ## - DEWEY DECIMAL CLASSIFICATION NUMBER
Classification number H1
Item number MAN/A
100 ## - MAIN ENTRY--PERSONAL NAME
Personal name Mangalesh Dabral
9 (RLIN) 111088
245 ## - TITLE STATEMENT
Title Aadhar chayan:
Remainder of title kavitayen/
Statement of responsibility, etc. by Mangalesh Dabral
260 ## - PUBLICATION, DISTRIBUTION, ETC.
Name of publisher, distributor, etc. Aadhar,
Place of publication, distribution, etc. Haryana:
Date of publication, distribution, etc. 2015.
300 ## - PHYSICAL DESCRIPTION
Extent 168p.
650 ## - SUBJECT ADDED ENTRY--TOPICAL TERM
Topical term or geographic name entry element Hindi Poetry
9 (RLIN) 111089
650 ## - SUBJECT ADDED ENTRY--TOPICAL TERM
Topical term or geographic name entry element Literature Hindi
9 (RLIN) 111090
650 ## - SUBJECT ADDED ENTRY--TOPICAL TERM
Topical term or geographic name entry element Literature
9 (RLIN) 111091
942 ## - ADDED ENTRY ELEMENTS (KOHA)
Koha item type Book
Holdings
Withdrawn status Lost status Damaged status Not for loan Permanent Location Current Location Shelving location Date acquired Cost, normal purchase price Total Checkouts Total Renewals Full call number Barcode Date last seen Date last checked out Price effective from Koha item type
        Sree Sankaracharya University of Sanskrit Sree Sankaracharya University of Sanskrit Stacks 12.02.2019 250.00 2 1 H1 MAN/A 093447 31.12.2021 09.12.2021 12.02.2019 Book